000 00561nam a2200205 i 4500
001 90720
003 ES-MaACL
005 20230906180537.0
007 t|
008 050124s1970 mx ||||1| spa d
100 1 _aLeñero, Vicente.
_971564
245 1 4 _aLos albañiles /
_cVicente Leñero.
250 _a[1ª ed.].
260 _a[México :
_bJoaquín Mortiz,
_c1970]
300 _a121 p.. 6 lám. ;
_c18 cm.
490 1 _aTeatro del volador
830 0 _aTeatro del volador
_9184168
852 _aES-MaACL
_jE-10065
_bR.93858
999 _c90720
_d90720